Fußball: Alle deutschen Meister in der Jugend (A & B) - Statistiken

Allgemein
  • Dieses Quiz wurde 110 mal gespielt
  • Das Durchschnittsergebnis liegt bei 18 aus 28
Antwortstatistiken
Anzahl A-Jug. B-Jug. Verein % Korrekt
8x 3x (zul. 2004) 5x (zul. 2017) Bayern
100%
17x 9x (zul. 2022) 8x (zul. 2024) Dortmund
97%
7x 4x (zul. 2015) 3x (zul. 2022) Schalke
95%
17x 10x (zul. 2005) 7x (zul. 2013) VfB Stuttgart
95%
5x 1x (2018) 4x (zul. 2012) Hertha BSC
93%
5x 2x (zul. 2025) 3x (zul. 2019) 1. FC Köln
88%
1x 1x (1999) - Bremen
85%
5x 3x (zul. 2007) 2x (zul. 2016) Leverkusen
85%
1x 1x (1974) - Nürnberg
84%
7x 3x (zul. 1985) 4x (zul. 2010) Frankfurt
83%
2x 2x (zul. 2011) - Wolfsburg
81%
2x 2x (zul. 2023) - Mainz
80%
1x 1x (2008) - Freiburg
78%
3x 2x (zul. 2024) 1x (2008) Hoffenheim
78%
2x 1x (1969) 1x (1985) Bochum
72%
2x 1x (1992) 1x (1983) Kaiserslautern
61%
1x - 1x (2006) 1860 München
60%
1x 1x (1993) - Augsburg
58%
1x - 1x (2023) Bielefeld
56%
1x 1x (2010) - Rostock
52%
3x 3x (zul. 1978) - Duisburg
48%
2x - 2x (zul. 2025) Gladbach
46%
1x 1x (1980) - Waldhof Mannheim
45%
2x 1x (1987) 1x (1987) Bayer Uerdingen
32%
1x - 1x (1982) Wattenscheid
19%
1x 1x (1979) - Stuttgarter Kickers
17%
2x 1x (1970) 1x (1988) Hertha Zehlendorf
8%
1x - 1x (1979) Blau-Weiß Berlin
7%
Keine übereinstimmenden Quizze gefunden
Verteilung der Resultate
Anzahl Personen mit jedem Resultat
Perzentil nach korrekt beantworteten Fragen
Ihre Resultats-Entwicklung
Sie haben dieses Quiz noch nicht gespielt